书目信息 |
| 题名: |
煤质分析及煤化工产品检测
|
|
| 作者: | 王翠萍 , 赵发宝 主编 | |
| 分册: | ||
| 出版信息: | 北京 化学工业出版社 2011.11 |
|
| 页数: | 262页 | |
| 开本: | 26cm | |
| 丛书名: | ||
| 单 册: | ||
| 中图分类: | TQ533 | |
| 科图分类: | ||
| 主题词: | 煤质--分析--高等教育--教材 , 煤化工--化工产品--检测--高等教育--教材 , 煤质 , 煤化工 , 化工产品 | |
| 电子资源: | ||
| ISBN: | 978-7-122-05720-4 | |
| 000 | 01009nam0 2200301 450 | |
| 001 | 0400001970 | |
| 005 | 20171019210328.0 | |
| 010 | @a978-7-122-05720-4@dCNY30.00 | |
| 100 | @a20091117e2011 em y0chiy50 ea | |
| 101 | 0 | @achi |
| 102 | @aCN@b110000 | |
| 105 | @aa z 000yy | |
| 106 | @ar | |
| 200 | 1 | @a煤质分析及煤化工产品检测@9mei zhi fen xi ji mei hua gong chan pin jian ce@f王翠萍,赵发宝主编 |
| 210 | @a北京@c化学工业出版社@d2011.11 | |
| 215 | @a262页@c图@d26cm | |
| 300 | @a高职高专“十一五”规划教材——煤化工系列教材 | |
| 330 | @a本书内容包括:煤炭检验、煤炭洗选检测、焦炭检验、焦化产品检验、煤气的检验、焦化废水的检测、甲醇和二甲醚的检验。 | |
| 606 | 0 | @a煤质@x分析@x高等教育@j教材 |
| 606 | 0 | @a煤化工@x化工产品@x检测@x高等教育@j教材 |
| 606 | 0 | @a煤质 |
| 606 | 0 | @a煤化工 |
| 606 | 0 | @a化工产品 |
| 690 | @aTQ533@v4 | |
| 701 | 0 | @a王翠萍@9wang cui ping@c(煤炭)@4主编 |
| 701 | 0 | @a赵发宝@9zhao fa bao@4主编 |
| 801 | 0 | @aCN@b91MARC@c20171019 |
| 905 | @b1026091-5@dTQ533@f5@e83 | |
| 煤质分析及煤化工产品检测/王翠萍,赵发宝主编.-北京:化学工业出版社,2011.11 |
| 262页:图;26cm |
| 高职高专“十一五”规划教材——煤化工系列教材 |
| ISBN 978-7-122-05720-4:CNY30.00 |
| 本书内容包括:煤炭检验、煤炭洗选检测、焦炭检验、焦化产品检验、煤气的检验、焦化废水的检测、甲醇和二甲醚的检验。 |
| ● |
| 相关链接 |
|
|
|
|
正题名:煤质分析及煤化工产品检测
索取号:TQ533/83
 
预约/预借
| 序号 | 登录号 | 条形码 | 馆藏地/架位号 | 状态 | 备注 |
| 1 | 1026091 | 210260910 | 第二样本阅览室/ [索取号:TQ533/83] | 在馆 | |
| 2 | 1026092 | 210260929 | 第三借阅区/ [索取号:TQ533/83] | 在馆 | |
| 3 | 1026093 | 210260938 | 第三借阅区/ [索取号:TQ533/83] | 在馆 | |
| 4 | 1026094 | 210260947 | 第三借阅区/ [索取号:TQ533/83] | 在馆 | |
| 5 | 1026095 | 210260956 | 密集书库-化学系/ [索取号:TQ533/83] | 在馆 |